000 00514nam a2200205Ia 4500
005 20240823032704.0
008 240823s9999||||xx |||||||||||||| ||und||
020 _a978-0-0766-735-8
041 _aENGLISH
082 _A624.171081512896 Q2
100 _aPandit G S
245 0 _aStructural Analysis A Matrix Approach
250 _a2nd
260 _c2012
_b"Tata Mcgraw Hill,New"
500 _aTRANSFERED
650 _aStructural Analysis
_bCivil
700 _a Gupta S P
942 _cBK
999 _c194021
_d194021